00281nam a2200097Ia 4500008004100000020001800041100003100059245002800090260005200118300001300170180205s9999 xx 000 0 und d a9789710194001 aQuisumbing, Lourdes Reynes aDestiny sweet mystery / aParañaque CitybSaranggola publicationsc2010 a89 pages